Statistics for 2015 Music

Click here to take the quiz!

General Stats

  • This quiz has been taken 305 times
    (229 since last reset)
  • The average score is 13 of 41

Answer Stats

HintAnswer% Correct
HelloAdele
88%
What Do You Mean?Justin Bieber
86%
FourFiveSecondsRihanna, Kanye West and Paul McCartney
85%
Bitch Better Have My MoneyRihanna
80%
PhotographEd Sheeran
76%
CheerleaderOMI
76%
Elastic Heart; AliveSia
75%
Can't Feel My FaceThe Weeknd
72%
Drag Me DownOne Direction
69%
See You AgainWiz Khalifa
67%
Dear Future HusbandMeghan Trainor
66%
Cool for the SummerDemi Lovato
58%
Lean OnMajor Lazer
51%
Adventure of a LifetimeColdplay
50%
She's Kinda Hot5 Seconds of Summer
43%
Fight SongRachel Platten
42%
Uma ThurmanFall Out Boy
35%
Bitch I'm _ _ _ _ _ _ _Madonna
28%
AyoChris Brown & Tyga
26%
The Blacker the BerryKendrick Lamar
24%
PoisonRita Ora
22%
Ghost TownAdam Lambert
19%
Bad BloodTaylor Swift (feat. Kendrick Lamar)
17%
ShotsImagine Dragons
15%
My WayFetty Wap
14%
OmenDisclosure
12%
What Kind of ManFlorence + the Machine
6%
FreedomPharrell Williams
6%
HallelujahPanic! at the Disco
5%
BrightEchosmith
4%
HomegrownZac Brown Band
4%
MercyMuse
3%
BelieveMumford & Sons
2%
CrystalsOf Monsters and Men
2%
Lifted Up (1985)Passion Pit
2%
Weight of LoveThe Black Keys
2%
Gimme All Your LoveAlabama Shakes
1%
Hollow Moon (Bad Wolf)Awolnation
1%
Nothing without LoveNate Reuss
1%
FailureBreaking Benjamin
0%
Black SunDeath Cab for Cutie
0%

Score Distribution

Percentile by Number Answered

Percent of People with Each Score

Your Score History

You have not taken this quiz since the last reset